[Event "37. Torneo Internacional de La Roda"]
[Site "La Roda ESP"]
[Date "2010.04.01"]
[Round "3.9"]
[White "Plaskett, H James"]
[Black "Picard, Romain"]
[Result "1/2-1/2"]
[WhiteElo "2494"]
[BlackElo "2363"]
[PlyCount "24"]
[EventDate "2010.03.31"]
[EventType "swiss"]
[EventRounds "9"]
[EventCountry "ESP"]
[Source "lmi"]
[SourceDate "2010.03.31"]

1. e4 e5 2. Nf3 d6 3. d4 exd4 4. Nxd4 Nf6 5. Nc3 Be7 6. g3 d5 7. e5 Ng4 8. f4
O-O 9. Be2 Nh6 10. Bf3 c6 11. O-O f6 12. exf6 Bxf6 1/2-1/2

[Event "37. Torneo Internacional de La Roda"]
[Site "La Roda ESP"]
[Date "2010.04.01"]
[Round "3.10"]
[White "Valmana Canto, Jaime"]
[Black "Mekhitarian, Krikor Sevag"]
[Result "0-1"]
[WhiteElo "2354"]
[BlackElo "2490"]
[PlyCount "82"]
[EventDate "2010.03.31"]
[EventType "swiss"]
[EventRounds "9"]
[EventCountry "ESP"]
[Source "lmi"]
[SourceDate "2010.03.31"]

1. e4 c5 2. Nf3 e6 3. Nc3 a6 4. d4 cxd4 5. Nxd4 Nc6 6. Be3 Nf6 7. Nxc6 bxc6 8.
e5 Nd5 9. Nxd5 cxd5 10. Bd4 Be7 11. Bd3 O-O 12. Qh5 g6 13. Qg4 d6 14. f4 dxe5
15. fxe5 f5 16. Qe2 Qa5+ 17. c3 Bd7 18. O-O Bb5 19. Rf2 Bxd3 20. Qxd3 Rab8 21.
Kh1 Rf7 22. c4 dxc4 23. Qxc4 Rb4 24. Qc8+ Qd8 25. Qxd8+ Bxd8 26. Bc5 Re4 27.
Bd6 Bb6 28. Rc2 Bd4 29. Rc6 Bxb2 30. Rb1 Bxe5 31. Bxe5 Rxe5 32. Rxa6 Re2 33. h3
Rd7 34. a4 Kf7 35. a5 Rdd2 36. Ra7+ Kf6 37. a6 Rxg2 38. Ra8 Rh2+ 39. Kg1 Rdg2+
40. Kf1 Ra2 41. Kg1 Rxh3 0-1

[Event "37. Torneo Internacional de La Roda"]
[Site "La Roda ESP"]
[Date "2010.04.01"]
[Round "3.11"]
[White "Diamant, Andre"]
[Black "Cano Sanchez, Josue"]
[Result "1-0"]
[WhiteElo "2486"]
[BlackElo "2343"]
[PlyCount "35"]
[EventDate "2010.03.31"]
[EventType "swiss"]
[EventRounds "9"]
[EventCountry "ESP"]
[Source "lmi"]
[SourceDate "2010.03.31"]

1. e4 c6 2. d4 d5 3. exd5 cxd5 4. c4 Nf6 5. Nc3 Nc6 6. Bg5 Be6 7. Nf3 Qa5 8.
Qb3 O-O-O 9. Bd2 dxc4 10. Bxc4 Bxc4 11. Qxc4 Qf5 12. O-O Nd5 13. Ne5 Qe6 14.
Rad1 Kb8 15. Nxd5 Rxd5 16. Bf4 Ka8 17. Nxc6 bxc6 18. Qa6 1-0

[Event "37. Torneo Internacional de La Roda"]
[Site "La Roda ESP"]
[Date "2010.04.01"]
[Round "3.12"]
[White "Forcen Esteban, Daniel"]
[Black "Larino Nieto, David"]
[Result "1/2-1/2"]
[WhiteElo "2343"]
[BlackElo "2462"]
[PlyCount "29"]
[EventDate "2010.03.31"]
[EventType "swiss"]
[EventRounds "9"]
[EventCountry "ESP"]
[Source "lmi"]
[SourceDate "2010.03.31"]

1. e4 e6 2. d4 d5 3. Nc3 Nf6 4. Bg5 Be7 5. e5 Nfd7 6. h4 O-O 7. Bd3 c5 8. Qh5
g6 9. Qh6 cxd4 10. Nf3 Nxe5 11. Nxe5 dxc3 12. Nxg6 fxg6 13. Bxg6 hxg6 14. Qxg6+
Kh8 15. Qh6+ 1/2-1/2

[Event "37. Torneo Internacional de La Roda"]
[Site "La Roda ESP"]
[Date "2010.04.01"]
[Round "3.13"]
[White "Sanchez Gonzalez, Sergio"]
[Black "Llorente Zaro, Alfonso"]
[Result "0-1"]
[WhiteElo "2322"]
[BlackElo "2456"]
[PlyCount "46"]
[EventDate "2010.03.31"]
[EventType "swiss"]
[EventRounds "9"]
[EventCountry "ESP"]
[Source "lmi"]
[SourceDate "2010.03.31"]

1. c4 e5 2. Nc3 Nf6 3. Nf3 Nc6 4. e3 Bb4 5. Qc2 O-O 6. Be2 d6 7. d3 Bg4 8. O-O
Qd7 9. a3 Bxc3 10. Qxc3 e4 11. dxe4 Nxe4 12. Qc2 f5 13. h3 Bh5 14. b4 Rae8 15.
Bb2 f4 16. exf4 Rxf4 17. b5 Bxf3 18. bxc6 bxc6 19. Bxf3 Rxf3 20. gxf3 Ng5 21.
Qc3 Nxh3+ 22. Kh2 Re5 23. Qd4 Nf4 0-1

[Event "37. Torneo Internacional de La Roda"]
[Site "La Roda ESP"]
[Date "2010.04.01"]
[Round "3.15"]
[White "Chueca Forcen, Alberto"]
[Black "Suba, Mihai"]
[Result "0-1"]
[WhiteElo "2282"]
[BlackElo "2451"]
[PlyCount "94"]
[EventDate "2010.03.31"]
[EventType "swiss"]
[EventRounds "9"]
[EventCountry "ESP"]
[Source "lmi"]
[SourceDate "2010.03.31"]

1. d4 Nf6 2. c4 e6 3. Nc3 Bb4 4. f3 d5 5. a3 Bxc3+ 6. bxc3 c5 7. cxd5 exd5 8.
e3 Qc7 9. Ra2 cxd4 10. cxd4 Bf5 11. Ne2 Nbd7 12. Nf4 Rc8 13. Bd2 O-O 14. Kf2 h6
15. Bd3 Bxd3 16. Nxd3 Rfe8 17. Qb1 Nb6 18. Nc5 Nfd7 19. Rc1 Nxc5 20. Rxc5 Qxh2
21. Rxc8 Rxc8 22. Ba5 Rc6 23. Bxb6 Rg6 24. Qf1 Rxb6 25. Rc2 h5 26. Ke2 Qd6 27.
Qc1 Qg6 28. Rc8+ Kh7 29. Kf2 h4 30. Qc2 Rc6 31. Rxc6 bxc6 32. Qd1 Qg3+ 33. Kf1
g6 34. a4 a5 35. Qe2 Kg7 36. Qd1 f5 37. Qe2 h3 38. gxh3 Qxh3+ 39. Ke1 Qh1+ 40.
Kd2 Qb1 41. Qa6 Qb4+ 42. Kd3 Qxa4 43. Qa7+ Kh6 44. f4 Qd1+ 45. Kc3 Qe2 46. Qe7
Qc4+ 47. Kb2 Qb4+ 0-1

[Event "37. Torneo Internacional de La Roda"]
[Site "La Roda ESP"]
[Date "2010.04.01"]
[Round "3.16"]
[White "Monroy, Charles"]
[Black "Garcia Rodriguez, Victor"]
[Result "1-0"]
[WhiteElo "2449"]
[BlackElo "2137"]
[PlyCount "49"]
[EventDate "2010.03.31"]
[EventType "swiss"]
[EventRounds "9"]
[EventCountry "ESP"]
[Source "lmi"]
[SourceDate "2010.03.31"]

1. Nf3 d5 2. d4 Nf6 3. c4 c6 4. e3 a6 5. Nbd2 Bg4 6. h3 Bh5 7. Qb3 b5 8. cxb5
axb5 9. Ne5 Nfd7 10. Ndf3 f6 11. Nxd7 Nxd7 12. Qc2 Qb6 13. Bd2 Bxf3 14. gxf3 e5
15. Bd3 g6 16. h4 exd4 17. exd4 f5 18. Kf1 Kd8 19. a4 Bg7 20. Kg2 bxa4 21. Rxa4
Rxa4 22. Qxa4 Qxd4 23. Qxc6 Rf8 24. Bb5 Qa7 25. Ra1 1-0

[Event "37. Torneo Internacional de La Roda"]
[Site "La Roda ESP"]
[Date "2010.04.01"]
[Round "3.17"]
[White "Camacho Collados, Marcos"]
[Black "Granero Roca, Antonio"]
[Result "1/2-1/2"]
[WhiteElo "2279"]
[BlackElo "2447"]
[PlyCount "123"]
[EventDate "2010.03.31"]
[EventType "swiss"]
[EventRounds "9"]
[EventCountry "ESP"]
[Source "lmi"]
[SourceDate "2010.03.31"]

1. e4 c6 2. d4 d5 3. exd5 cxd5 4. Bd3 Nc6 5. c3 Nf6 6. Nf3 Bg4 7. O-O e6 8. Bg5
Be7 9. Nbd2 O-O 10. Re1 Bh5 11. Nf1 Bg6 12. Bb5 Nd7 13. Bf4 Qb6 14. Qe2 a6 15.
Ba4 Qd8 16. c4 Nb4 17. Bxd7 Qxd7 18. Ne5 Qd8 19. a3 Nc6 20. Nxc6 bxc6 21. c5
Qa5 22. Ne3 Qa4 23. Red1 Qb3 24. Qd2 h5 25. a4 Qb7 26. Ra3 a5 27. Qc3 Qb4 28.
Rb3 Qxc3 29. bxc3 f6 30. Rb6 Rfc8 31. Bg3 e5 32. Rb7 Bf8 33. Rd2 Re8 34. Rdb2
h4 35. Bxh4 exd4 36. cxd4 Re4 37. Bg3 Rxd4 38. Bd6 Re8 39. h3 Rxa4 40. Rb8 Rae4
41. R8b6 d4 42. Nc4 a4 43. Rxc6 Bf7 44. Na3 d3 45. Rd2 Bg6 46. Ra6 Re1+ 47. Kh2
R1e2 48. Nb1 Re1 49. Nc3 Rc1 50. Nxa4 Ra1 51. Bxf8 Kxf8 52. c6 Rc1 53. Rb6 Re2
54. Rb8+ Ke7 55. Rdb2 Rxb2 56. Nxb2 Rxc6 57. Rb7+ Kf8 58. Rb8+ Kf7 59. Rb7+ Kf8
60. Rd7 Rc3 61. Nd1 Rc2 62. Kg3 1/2-1/2

[Event "37. Torneo Internacional de La Roda"]
[Site "La Roda ESP"]
[Date "2010.04.01"]
[Round "3.18"]
[White "Llavador Moron, Juan Jose"]
[Black "Burmakin, Vladimir"]
[Result "0-1"]
[WhiteElo "2165"]
[BlackElo "2604"]
[PlyCount "92"]
[EventDate "2010.03.31"]
[EventType "swiss"]
[EventRounds "9"]
[EventCountry "ESP"]
[Source "lmi"]
[SourceDate "2010.03.31"]

1. e4 c6 2. d4 d5 3. Nd2 g6 4. c3 Bg7 5. Bd3 Nh6 6. Ne2 O-O 7. Ng3 Nd7 8. Nf3
Re8 9. O-O Nf8 10. Re1 f6 11. exd5 cxd5 12. Qb3 e6 13. Bd2 Nf7 14. c4 dxc4 15.
Bxc4 Nd6 16. Bf1 Bd7 17. d5 exd5 18. Qxd5+ Be6 19. Qd3 Nf7 20. Qa3 Bd5 21. Rad1
Qc8 22. Bb4 Rxe1 23. Bxe1 Be6 24. Nd4 f5 25. Nxe6 Nxe6 26. Qb3 Kh8 27. Bc4 Nc5
28. Qc2 Ne5 29. Bf1 Qc6 30. Bc3 Na4 31. Rc1 Nxc3 32. Qxc3 Nf3+ 33. Qxf3 Qxc1
34. Qxb7 Qc8 35. Qf7 Bxb2 36. h4 Qf8 37. Qb7 Be5 38. Qd5 Bxg3 39. fxg3 Rd8 40.
Qa5 Qe7 41. h5 Kg7 42. Qc3+ Kh6 43. g4 fxg4 44. hxg6 hxg6 45. Qc1+ Qg5 46. Qc3
Qf4 0-1

[Event "37. Torneo Internacional de La Roda"]
[Site "La Roda ESP"]
[Date "2010.04.01"]
[Round "3.19"]
[White "Del Rio De Angelis, Salvador G"]
[Black "Bendayan Claros, Aaron"]
[Result "1-0"]
[WhiteElo "2524"]
[BlackElo "2196"]
[PlyCount "59"]
[EventDate "2010.03.31"]
[EventType "swiss"]
[EventRounds "9"]
[EventCountry "ESP"]
[Source "lmi"]
[SourceDate "2010.03.31"]

1. d4 d5 2. c4 e6 3. Nc3 Nf6 4. Bg5 Bb4 5. cxd5 exd5 6. e3 Nbd7 7. Bd3 c5 8.
Nge2 c4 9. Bc2 Qa5 10. O-O O-O 11. a3 Bxc3 12. Nxc3 Re8 13. Qd2 b5 14. f3 Bb7
15. e4 Qb6 16. Rae1 a5 17. Kh1 h6 18. Bxf6 Nxf6 19. e5 Nd7 20. a4 bxa4 21. Bxa4
Bc6 22. Bxc6 Qxc6 23. f4 f5 24. g4 Rf8 25. Qg2 Nb6 26. Re3 Ra7 27. Rg3 Qd7 28.
Rg1 Kh7 29. gxf5 Rxf5 30. Rg6 1-0

[Event "37. Torneo Internacional de La Roda"]
[Site "La Roda ESP"]
[Date "2010.04.01"]
[Round "3.20"]
[White "Aloma Vidal, Robert"]
[Black "Cortes Lizano, Jesus"]
[Result "1-0"]
[WhiteElo "2462"]
[BlackElo "2164"]
[PlyCount "32"]
[EventDate "2010.03.31"]
[EventType "swiss"]
[EventRounds "9"]
[EventCountry "ESP"]
[Source "lmi"]
[SourceDate "2010.03.31"]

1. d4 b5 2. Bg5 Nf6 3. Nd2 h6 4. Bxf6 gxf6 5. e4 a6 6. Ne2 e6 7. Ng3 c5 8. d5
c4 9. Qf3 Bb7 10. Nh5 Be7 11. O-O-O Qa5 12. Nxf6+ Kf8 13. Kb1 c3 14. Nb3 Qc7
15. Nd4 e5 16. Ne6+ dxe6 1-0

[Event "37. Torneo Internacional de La Roda"]
[Site "La Roda ESP"]
[Date "2010.04.01"]
[Round "3.21"]
[White "Guerra Bastida, Diego"]
[Black "Guerreiro, Nuno"]
[Result "1-0"]
[WhiteElo "2432"]
[BlackElo "2095"]
[PlyCount "71"]
[EventDate "2010.03.31"]
[EventType "swiss"]
[EventRounds "9"]
[EventCountry "ESP"]
[Source "lmi"]
[SourceDate "2010.03.31"]

1. e4 Nc6 2. d4 d5 3. exd5 Qxd5 4. Nf3 e5 5. Nc3 Bb4 6. Bd2 Bxc3 7. Bxc3 exd4
8. Nxd4 Nxd4 9. Qxd4 Qxd4 10. Bxd4 Nf6 11. O-O-O O-O 12. Bxf6 gxf6 13. Rd4 Be6
14. Bd3 Kg7 15. Re1 Rfd8 16. Rf4 Rab8 17. Re3 Rd5 18. Rh4 h6 19. Be4 Rc5 20. f4
Rd8 21. Rg3+ Kf8 22. Rxh6 Rd4 23. Rh8+ Ke7 24. Re3 f5 25. Bf3 Rxf4 26. c3 b6
27. Kd2 Ra4 28. a3 f4 29. Re1 Rg5 30. h4 Rc5 31. h5 Kf6 32. Rh6+ Kg7 33. Rhxe6
fxe6 34. Rxe6 Raa5 35. b4 Rd5+ 36. Kc2 1-0

[Event "37. Torneo Internacional de La Roda"]
[Site "La Roda ESP"]
[Date "2010.04.01"]
[Round "3.22"]
[White "Fernandez Siles, Luis"]
[Black "Camacho Calle, Pedro"]
[Result "1/2-1/2"]
[WhiteElo "2364"]
[BlackElo "2132"]
[PlyCount "61"]
[EventDate "2010.03.31"]
[EventType "swiss"]
[EventRounds "9"]
[EventCountry "ESP"]
[Source "lmi"]
[SourceDate "2010.03.31"]

1. Nf3 Nf6 2. c4 c5 3. Nc3 e6 4. e3 b6 5. d4 cxd4 6. exd4 Bb7 7. Bd3 Be7 8. O-O
d5 9. cxd5 Nxd5 10. Bb5+ Bc6 11. Qa4 Bxb5 12. Qxb5+ Qd7 13. Nxd5 exd5 14. Qxd7+
Nxd7 15. Re1 f6 16. Bf4 Kf7 17. Rec1 Rhc8 18. Bc7 Nf8 19. Rc2 Ne6 20. Rac1 Ke8
21. g4 Kd7 22. Bg3 Rxc2 23. Rxc2 Rc8 24. Rxc8 Kxc8 25. Kf1 Kd7 26. Ke2 Bd6 27.
Kd3 Bxg3 28. hxg3 g6 29. Nd2 Kd6 30. f4 Ng7 31. Nf1 1/2-1/2

[Event "37. Torneo Internacional de La Roda"]
[Site "La Roda ESP"]
[Date "2010.04.01"]
[Round "3.23"]
[White "Rodriguez Melendez, Juan Humber"]
[Black "Moreno Gracia, Daniel"]
[Result "1/2-1/2"]
[WhiteElo "2057"]
[BlackElo "2317"]
[PlyCount "88"]
[EventDate "2010.03.31"]
[EventType "swiss"]
[EventRounds "9"]
[EventCountry "ESP"]
[Source "lmi"]
[SourceDate "2010.03.31"]

1. e4 c5 2. Nf3 e6 3. c3 Nf6 4. e5 Nd5 5. d4 cxd4 6. cxd4 d6 7. Nc3 Nxc3 8.
bxc3 Qc7 9. Bd2 Bd7 10. Bd3 Bc6 11. O-O Nd7 12. Re1 dxe5 13. Nxe5 Nxe5 14. Rxe5
g6 15. Bf4 Bd6 16. Bg3 O-O 17. Re3 Rac8 18. h4 Rfd8 19. h5 Be8 20. hxg6 hxg6
21. Be4 b5 22. Bxd6 Qxd6 23. Qf3 Bc6 24. Bxc6 Rxc6 25. Qg4 Kg7 26. Rh3 Rcc8 27.
Re1 Rh8 28. Ree3 b4 29. Rxh8 Rxh8 30. Qg3 Qxg3 31. Rxg3 Rb8 32. cxb4 Rxb4 33.
Ra3 Rb7 34. Ra5 Kf6 35. Kf1 Ke7 36. Ke2 Kd6 37. Ke3 f6 38. Kd3 f5 39. Ra6+ Ke7
40. Ke3 g5 41. g3 Rd7 42. f3 Kf7 43. Ra5 Kf6 44. Ra6 Kf7 1/2-1/2

[Event "37. Torneo Internacional de La Roda"]
[Site "La Roda ESP"]
[Date "2010.04.01"]
[Round "3.24"]
[White "Sanchez Jerez, Emilio Miguel"]
[Black "Aymerich Rosell, Pablo"]
[Result "1-0"]
[WhiteElo "2313"]
[BlackElo "2062"]
[PlyCount "43"]
[EventDate "2010.03.31"]
[EventType "swiss"]
[EventRounds "9"]
[EventCountry "ESP"]
[Source "lmi"]
[SourceDate "2010.03.31"]

1. e4 c5 2. Nc3 Nc6 3. Nge2 g6 4. d4 cxd4 5. Nxd4 Bg7 6. Be3 Nf6 7. f3 O-O 8.
g4 a6 9. Qd2 b5 10. h4 h5 11. O-O-O Ne5 12. gxh5 Nxh5 13. Rg1 e6 14. f4 Nc4 15.
Bxc4 bxc4 16. f5 Qf6 17. Rdf1 Rb8 18. fxg6 Qe7 19. gxf7+ Rxf7 20. Rxf7 Kxf7 21.
Qg2 Ke8 22. Rf1 1-0

[Event "37. Torneo Internacional de La Roda"]
[Site "La Roda ESP"]
[Date "2010.04.02"]
[Round "4.2"]
[White "Llorente Zaro, Alfonso"]
[Black "Bruzon Batista, Lazaro"]
[Result "1/2-1/2"]
[WhiteElo "2456"]
[BlackElo "2641"]
[PlyCount "98"]
[EventDate "2010.03.31"]
[EventType "swiss"]
[EventRounds "9"]
[EventCountry "ESP"]
[Source "lmi"]
[SourceDate "2010.03.31"]

1. c4 Nf6 2. Nc3 c6 3. d4 d5 4. cxd5 cxd5 5. Bf4 Nc6 6. e3 e6 7. Bd3 Be7 8. Nb5
O-O 9. Ne2 a6 10. Nbc3 Nh5 11. Bg3 g6 12. Nf4 Nxg3 13. hxg3 Bf6 14. Rc1 Bd7 15.
Be2 Qe7 16. Qd2 Rfc8 17. O-O Be8 18. Bg4 Rd8 19. Rfe1 Bg7 20. Bd1 Rac8 21. Bb3
b6 22. Qe2 Qb7 23. Bc2 Rc7 24. Qf1 Rdc8 25. Bd3 b5 26. Nce2 Bf8 27. g4 Qb6 28.
Bb1 Na5 29. Rxc7 Rxc7 30. Rc1 Nc4 31. Rc2 b4 32. b3 Nd6 33. Rxc7 Qxc7 34. Bd3
a5 35. Qc1 Qb6 36. Bb1 Be7 37. a4 bxa3 38. Qxa3 Kf8 39. Qa2 Nb7 40. Nc3 Bd6 41.
Nd3 Ke7 42. Na4 Qc7 43. Qc2 Qxc2 44. Bxc2 Bb5 45. g5 Nd8 46. f4 Nc6 47. Kf2 Nb4
48. Nxb4 Bxb4 49. g4 Bxa4 1/2-1/2

[Event "37. Torneo Internacional de La Roda"]
[Site "La Roda ESP"]
[Date "2010.04.02"]
[Round "4.3"]
[White "Suba, Mihai"]
[Black "Paunovic, Dragan"]
[Result "1/2-1/2"]
[WhiteElo "2451"]
[BlackElo "2551"]
[PlyCount "22"]
[EventDate "2010.03.31"]
[EventType "swiss"]
[EventRounds "9"]
[EventCountry "ESP"]
[Source "lmi"]
[SourceDate "2010.03.31"]

1. d4 Nf6 2. Nc3 d6 3. Bg5 Nbd7 4. e3 e5 5. Nf3 Be7 6. dxe5 dxe5 7. a3 O-O 8.
Bc4 c6 9. O-O Qc7 10. Bh4 Nb6 11. Ba2 Bg4 1/2-1/2

[Event "37. Torneo Internacional de La Roda"]
[Site "La Roda ESP"]
[Date "2010.04.02"]
[Round "4.4"]
[White "Monroy, Charles"]
[Black "Gonzalez Vidal, Yuri"]
[Result "1/2-1/2"]
[WhiteElo "2449"]
[BlackElo "2512"]
[PlyCount "35"]
[EventDate "2010.03.31"]
[EventType "swiss"]
[EventRounds "9"]
[EventCountry "ESP"]
[Source "lmi"]
[SourceDate "2010.03.31"]

1. Nf3 c5 2. c4 Nc6 3. d4 cxd4 4. Nxd4 Nf6 5. Nc3 e6 6. a3 Be7 7. e3 O-O 8. Be2
d5 9. cxd5 Nxd5 10. Nxc6 bxc6 11. Qc2 Nxc3 12. Qxc3 Qb6 13. O-O Bf6 14. Qc2 Rb8
15. Rb1 Ba6 16. Bxa6 Qxa6 17. Bd2 c5 18. Rfc1 1/2-1/2

[Event "37. Torneo Internacional de La Roda"]
[Site "La Roda ESP"]
[Date "2010.04.02"]
[Round "4.5"]
[White "Mekhitarian, Krikor Sevag"]
[Black "Martinez Martin, David"]
[Result "1-0"]
[WhiteElo "2490"]
[BlackElo "2390"]
[PlyCount "63"]
[EventDate "2010.03.31"]
[EventType "swiss"]
[EventRounds "9"]
[EventCountry "ESP"]
[Source "lmi"]
[SourceDate "2010.03.31"]

1. e4 c5 2. Nf3 d6 3. d4 cxd4 4. Nxd4 Nf6 5. Nc3 g6 6. Be3 Bg7 7. f3 O-O 8. Qd2
Nc6 9. Bc4 Bd7 10. O-O-O Rc8 11. Bb3 Ne5 12. Kb1 Nc4 13. Bxc4 Rxc4 14. g4 b5
15. b3 b4 16. bxc4 bxc3 17. Qxc3 Qc7 18. h4 Rc8 19. h5 d5 20. h6 Bh8 21. g5 Ne8
22. exd5 Nd6 23. c5 Nf5 24. c6 Rb8+ 25. Kc1 Bc8 26. Rhe1 Qe5 27. f4 Qc7 28. Qa3
Nd6 29. Nb3 Nb5 30. Qa5 Qd6 31. Bxa7 Qxf4+ 32. Rd2 1-0

[Event "37. Torneo Internacional de La Roda"]
[Site "La Roda ESP"]
[Date "2010.04.02"]
[Round "4.6"]
[White "Diamant, Andre"]
[Black "Kovacevic, Slobodan"]
[Result "1-0"]
[WhiteElo "2486"]
[BlackElo "2383"]
[PlyCount "123"]
[EventDate "2010.03.31"]
[EventType "swiss"]
[EventRounds "9"]
[EventCountry "ESP"]
[Source "lmi"]
[SourceDate "2010.03.31"]

1. e4 c5 2. Nf3 e6 3. d4 cxd4 4. Nxd4 a6 5. c4 Nf6 6. Nc3 Qc7 7. a3 d6 8. Be2
b6 9. Be3 Bb7 10. f3 Be7 11. O-O O-O 12. Rc1 Nbd7 13. b4 Rac8 14. Qd2 Rfe8 15.
Kh1 Qb8 16. Rc2 Bd8 17. Rb1 Qa8 18. Na4 Bc7 19. Bg1 Red8 20. Bf1 Ne5 21. Nb3
Nfd7 22. Qc1 Bc6 23. Nc3 Bb7 24. Na4 Bc6 25. Nb2 h6 26. Nd4 Bb7 27. Nd3 Nxd3
28. Bxd3 Re8 29. Bf1 Bd8 30. Be3 Be7 31. Qd2 Red8 32. Rd1 Qb8 33. Qf2 Qc7 34.
Rdc1 Qb8 35. Nb3 Bc6 36. Nd4 Bb7 37. Bf4 Ne5 38. Qg3 Kh7 39. c5 bxc5 40. bxc5
g5 41. Bxe5 dxe5 42. Nb3 Bc6 43. Rc3 Qc7 44. Qf2 Ra8 45. Nd2 Rd4 46. Nc4 Bb5
47. Ne3 Rad8 48. c6 Kg6 49. Qe1 Rb8 50. Nc2 Rdd8 51. Bxb5 axb5 52. Qe2 Rb6 53.
Ne3 Ra8 54. Qb2 Raa6 55. h4 Rxc6 56. Ng4 f6 57. Qxb5 Rxc3 58. Rxc3 Qd6 59. Qe8+
Kg7 60. h5 Qd8 61. Qg6+ Kf8 62. Nxh6 1-0

[Event "37. Torneo Internacional de La Roda"]
[Site "La Roda ESP"]
[Date "2010.04.02"]
[Round "4.7"]
[White "Burmakin, Vladimir"]
[Black "Gallardo Garcia, Andres"]
[Result "1-0"]
[WhiteElo "2604"]
[BlackElo "2412"]
[PlyCount "120"]
[EventDate "2010.03.31"]
[EventType "swiss"]
[EventRounds "9"]
[EventCountry "ESP"]
[Source "lmi"]
[SourceDate "2010.03.31"]

1. Nf3 Nf6 2. c4 g6 3. b3 Bg7 4. Bb2 c5 5. g3 b6 6. Bg2 Bb7 7. O-O O-O 8. Nc3
d5 9. Nxd5 Nxd5 10. Bxg7 Kxg7 11. cxd5 Qxd5 12. d4 cxd4 13. Qxd4+ Qxd4 14. Nxd4
Bxg2 15. Kxg2 Na6 16. Rfc1 Rfc8 17. Nb5 Rc5 18. Rxc5 Nxc5 19. Rc1 Rd8 20. Rc2
Rd7 21. b4 Ne6 22. e3 a6 23. Na3 Rc7 24. f4 Rd7 25. Nc4 b5 26. Nb2 Nc7 27. Kf3
e5 28. fxe5 Ne6 29. h4 a5 30. bxa5 Ra7 31. Nd3 Rxa5 32. Nb4 Ra4 33. Rb2 Nc5 34.
Nc6 Ra6 35. Nd4 Nd3 36. Rxb5 Rxa2 37. e6 fxe6 38. Nxe6+ Kf6 39. Ng5 h5 40. Rb6+
Kg7 41. Ke4 Nf2+ 42. Kd5 Ra7 43. e4 Ng4 44. Ne6+ Kf7 45. Nd8+ Kg7 46. Nc6 Rf7
47. e5 Ne3+ 48. Kc5 Nf5 49. e6 Rc7 50. Kd5 Kf6 51. e7 Kf7 52. Ne5+ Kxe7 53.
Nxg6+ Kf7 54. Ne5+ Ke7 55. Re6+ Kd8 56. Rg6 Rg7 57. Rxg7 Nxg7 58. Nc6+ Kd7 59.
Nd4 Ke7 60. Ke5 Kf7 1-0

[Event "37. Torneo Internacional de La Roda"]
[Site "La Roda ESP"]
[Date "2010.04.02"]
[Round "4.8"]
[White "Almeida Quintana, Omar"]
[Black "Espinosa Aranda, Angel"]
[Result "1-0"]
[WhiteElo "2540"]
[BlackElo "2383"]
[PlyCount "115"]
[EventDate "2010.03.31"]
[EventType "swiss"]
[EventRounds "9"]
[EventCountry "ESP"]
[Source "lmi"]
[SourceDate "2010.03.31"]

1. d4 d5 2. Nf3 Nf6 3. c4 c6 4. Nc3 a6 5. a4 e6 6. Bg5 a5 7. e3 Be7 8. Be2 O-O
9. O-O Na6 10. Qb3 Nb4 11. Na2 Nxa2 12. Rxa2 Ne4 13. Bxe7 Qxe7 14. Raa1 Bd7 15.
Bd3 Rab8 16. Bxe4 dxe4 17. Nd2 e5 18. Qc3 exd4 19. exd4 f5 20. Rfe1 Rfe8 21.
Re3 Qf6 22. f3 exf3 23. Nxf3 Rxe3 24. Qxe3 Re8 25. Qd2 b6 26. c5 bxc5 27. dxc5
Be6 28. Qxa5 Qxb2 29. Re1 Bf7 30. Rxe8+ Bxe8 31. Qe1 Bf7 32. Qe5 Qb1+ 33. Kf2
h6 34. Kg3 Qb4 35. Qd4 Qb8+ 36. Qf4 Qa7 37. Qb4 Qc7+ 38. Kf2 Bd5 39. a5 f4 40.
a6 Qa7 41. Qa5 Qe7 42. Qc3 Qa7 43. Qa3 Bc4 44. Ne5 Qxa6 45. Qxa6 Bxa6 46. Nxc6
Kf7 47. Nb4 Bc8 48. Nd5 g5 49. c6 Ke8 50. Kf3 Kd8 51. Ke4 Be6 52. Ke5 Bxd5 53.
Kxd5 Kc7 54. h3 h5 55. Ke5 g4 56. hxg4 f3 57. gxf3 h4 58. Kf4 1-0

[Event "37. Torneo Internacional de La Roda"]
[Site "La Roda ESP"]
[Date "2010.04.02"]
[Round "4.11"]
[White "Camacho Collados, Marcos"]
[Black "Plaskett, H James"]
[Result "0-1"]
[WhiteElo "2279"]
[BlackElo "2494"]
[PlyCount "72"]
[EventDate "2010.03.31"]
[EventType "swiss"]
[EventRounds "9"]
[EventCountry "ESP"]
[Source "lmi"]
[SourceDate "2010.03.31"]

1. e4 c5 2. Nf3 d6 3. d4 cxd4 4. Nxd4 Nf6 5. Nc3 Nc6 6. Be2 e6 7. O-O Be7 8.
Be3 O-O 9. Kh1 Qc7 10. f4 a6 11. Qe1 Bd7 12. Rd1 b5 13. a3 b4 14. axb4 Nxb4 15.
Qg3 Kh8 16. Rd2 Rab8 17. Rfd1 Bc8 18. Nf3 Bb7 19. e5 dxe5 20. Nxe5 Nbd5 21.
Nxd5 Bxd5 22. Bd3 Rxb2 23. Bd4 Rb7 24. Qh3 Be4 25. Bxa6 Rbb8 26. Qg3 Bxc2 27.
Bd3 Bxd1 28. Rxd1 Rbd8 29. Nf3 Qa5 30. Ra1 Qb4 31. Rb1 Qa4 32. Qf2 Ng4 33. Qg1
Rxd4 34. Bb5 Qd1 35. Rxd1 Rxd1 36. Bf1 Bc5 0-1

[Event "37. Torneo Internacional de La Roda"]
[Site "La Roda ESP"]
[Date "2010.04.02"]
[Round "4.12"]
[White "Larino Nieto, David"]
[Black "Ibarra Jerez, Juan Miguel"]
[Result "1-0"]
[WhiteElo "2462"]
[BlackElo "2271"]
[PlyCount "70"]
[EventDate "2010.03.31"]
[EventType "swiss"]
[EventRounds "9"]
[EventCountry "ESP"]
[Source "lmi"]
[SourceDate "2010.03.31"]

1. e4 g6 2. d4 Bg7 3. h4 d5 4. e5 c5 5. c3 h5 6. Nh3 Nc6 7. Ng5 Nh6 8. Bd3 cxd4
9. e6 f5 10. O-O Qd6 11. Re1 O-O 12. g3 Nd8 13. Qe2 Ng4 14. Bf4 Qb6 15. Nd2 Rf6
16. c4 Bxe6 17. c5 Qc6 18. Ndf3 Bf7 19. Qxe7 Qc8 20. Rac1 Nc6 21. Qe2 Qd7 22.
Qd2 Re8 23. Rxe8+ Bxe8 24. b4 Rf8 25. Bd6 Bf7 26. Bxf8 Kxf8 27. b5 Nce5 28. c6
bxc6 29. bxc6 Qc8 30. c7 Nc4 31. Qb4+ Kg8 32. Nxf7 Kxf7 33. Rxc4 dxc4 34. Bxc4+
Ke8 35. Qb8 Qxb8 1-0

[Event "37. Torneo Internacional de La Roda"]
[Site "La Roda ESP"]
[Date "2010.04.02"]
[Round "4.13"]
[White "Bermejo Martinez, Jorge"]
[Black "Aloma Vidal, Robert"]
[Result "1-0"]
[WhiteElo "2267"]
[BlackElo "2462"]
[PlyCount "69"]
[EventDate "2010.03.31"]
[EventType "swiss"]
[EventRounds "9"]
[EventCountry "ESP"]
[Source "lmi"]
[SourceDate "2010.03.31"]

1. Nf3 Nf6 2. c4 g6 3. d4 Bg7 4. Nc3 d6 5. e4 O-O 6. h3 e5 7. d5 a5 8. Bg5 Na6
9. Nd2 Qe8 10. g4 Nd7 11. Bd3 Ndc5 12. Bb1 f5 13. f3 Rf7 14. Qe2 Qf8 15. Be3 c6
16. Bc2 a4 17. O-O-O Qd8 18. gxf5 gxf5 19. exf5 a3 20. b3 e4 21. Ndxe4 Nxe4 22.
Nxe4 cxd5 23. f6 dxe4 24. fxg7 exf3 25. Qd2 Bf5 26. Bxf5 Rxf5 27. Qxd6 Qxd6 28.
Rxd6 Re8 29. Bd4 Nb4 30. Rf1 Nxa2+ 31. Kd2 Nb4 32. Re1 Ra8 33. Rde6 Kf7 34.
Re7+ Kg6 35. Re8 1-0